| 000 | 004860000a22002050004500 | ||
|---|---|---|---|
| 650 | _aWomen | ||
| 650 | _aCommunism | ||
| 650 | _aWomens rights | ||
| 082 |
_aN305.42 _bJ649m _cCS |
||
| 518 | _a20030513 | ||
| 530 | _aM | ||
| 100 | _aJetkin, Klara | ||
| 245 | _aMahilaharuko muktiko barema; Marx, Angels, Lenin, Stalin, Mao | ||
| 260 |
_aKathmandu _bPargati Pustak Sadan, Nepal |
||
| 260 | _c2057 B.S. | ||
| 300 | _a75p. | ||
| 041 | _aNep | ||
| 365 | _aRs.35.00 | ||
| 942 | _cGEN | ||
| 999 |
_c29643 _d29643 |
||